| 000 | 00386nam a22001457a 4500 | ||
|---|---|---|---|
| 999 |
_c8913 _d8913 |
||
| 003 | GBCCL | ||
| 005 | 20241126110701.0 | ||
| 008 | 220125b ||||| |||| 00| 0 eng d | ||
| 040 | _cgbc | ||
| 082 |
_aSOU DIA _b2018 |
||
| 245 | _aDialkhai Youth club golden jubilee (1968-2018) souvenir | ||
| 260 |
_aLamka: _bDialkhai indongta committee, _c2018. |
||
| 300 | _a208p. ; | ||
| 942 |
_2ddc _cARCH |
||